| 000 | 00515nam a22001817a 4500 | ||
|---|---|---|---|
| 003 | CEME | ||
| 005 | 20210628201843.0 | ||
| 008 | 210208b xxu||||| |||| 00| 0 eng d | ||
| 020 | _a81-203-2192-8 | ||
| 040 | _c. | ||
| 082 | _a621.319 SIN | ||
| 100 |
_aSingh, S.N _957104 |
||
| 245 | _aElectric power generation, transmission and distribution | ||
| 260 |
_aNEW DELHI _bPRENTICE HALL OF INDIA _c2004 |
||
| 300 | _aXVIII,406P | ||
| 650 |
_aELECTRIC POWER TRANSMISSION AND DISTRIBUTION _957105 |
||
| 942 |
_cBK _2ddc |
||
| 999 |
_c567405 _d567405 |
||